Statistics for Top 10 Milwaukee Bucks Players

Click here to take the quiz!

General Stats

  • This quiz has been taken 42 times
  • The average score is 6 of 10

Answer Stats

WSPositionYearsPlayer% Correct
114.7Center1970-1975Kareem Abdul-Jabbar
100%
63.9Forward2014-2019Giannis Antetokounmpo
98%
54.1Guard1997-2003Ray Allen
85%
88.5Guard1980-1989Sidney Moncrief
83%
55.1Guard2001-2011Michael Redd
76%
71.1Forward1978-1984Marques Johnson
68%
62.6Forward1970-1982Bob Dandridge
41%
43.3Guard1969-1976Jon McGlocklin
39%
42.7Forward1985-1996Terry Cummings
34%
45.5Guard1983-1990Paul Pressey
22%

Score Distribution

Percentile by Number Answered

Percent of People with Each Score

Your Score History

You have not taken this quiz